| 000 | 00705nam a2200241Ia 4500 | ||
|---|---|---|---|
| 005 | 20260430150106.0 | ||
| 008 | 008 250103s9999 xx 000 0 eng d | ||
| 037 | _aTheses | ||
| 040 | _aCRL | ||
| 040 | _beng | ||
| 040 | _ceng | ||
| 041 | _2eng | ||
| 041 | _aeng | ||
| 084 | _qCRL | ||
| 100 |
_aGupta Noopur Au.; Tiwari Manisha Gu. _91236427 |
||
| 245 | 0 | _aRadiation induces alteration in gut microflora and its modiication by hdac inhibitor | |
| 260 | _c2021 | ||
| 300 | _a146p. | ||
| 650 | _aMedical Botany | ||
| 700 |
_aUniveristy of Delhi. Faculty of Medical Sciences. Department of B.R. Ambedkar Center for Biomedical Research _91236428 |
||
| 942 | _cTH | ||
| 999 |
_c1848923 _d1848923 |
||